| 000 | 00494nam a2200169 a 4500 | ||
|---|---|---|---|
| 005 | 20140412111421.0 | ||
| 008 | 080103s19uu xx 00 eng d | ||
| 020 | _a978-0-439-83384-4 | ||
| 050 |
_aM 535.4 _bO8 2001 |
||
| 100 | _aOtto, Carolyn | ||
| 245 |
_aShadows / _cCarolyn B. Otto. |
||
| 260 |
_aNew York : _bScholastic Inc, _cc2001. |
||
| 300 | _a32p. : col. ill. ; 23cm | ||
| 440 | _aScholastic science readers | ||
| 650 |
_aShades and shadows _xJuvenile literature |
||
| 999 |
_c106012 _d106012 |
||